000 00398nam a2200145Ia 4500
005 20240821152205.0
008 240821s9999||||xx |||||||||||||| ||und||
082 _a784.4954 BAR
100 _aBarua, Hem
245 0 _aFolksongs of India
260 _aNew Delhi
_bIndian Council for Cultural Relations
_c1963
300 _a88p
650 _aARTS, CRAFTS, MUSIC, SPORTS AND RECREATIONS
942 _cBK
999 _c64764
_d64764